Tourist Attraction by Negative Review - Statistics

General Stats
  • This quiz has been taken 124 times
  • The average score is 6 of 11
Answer Stats
Hint Answer % Correct
£25 each to see some rocks in a field.. Stonehenge
86%
The most overrated museum I’ve ever visited. Louvre
77%
Hated it, I mean really it's red not golden, a total disappointment. Golden Gate Bridge
70%
Enormous Hole with a Bunch of ROCKS! NO AC anywhere, really HOT. Super Dusty! Needs to be Built up before I ever return. Why havent they filled it with Water? Grand Canyon
69%
Kind of disappointing. There’s a better one in Vegas that has a nose. Great Sphinx
63%
Just take a ferry that goes close to the island. It's definitely not worth the time and the cost to just enter the island. Statue of Liberty
63%
it has a huge crack in it and doesn't even work anymore. Liberty Bell
62%
First off. Horrible font. Second. Too big. Hollywood Sign
54%
The structural integrity of this bridge was absolutely awful, I barely set foot on the bridge when it fell down. London Bridge
37%
felt very unredeemed and did not return the hug i gave him also very big Christ the Redeemer
30%
Safety hazard!! Almost fell on a group of 5 chinese tourists. Leaning Tower of Pisa
13%
No matching quizzes found
Score Distribution
Percent of People with Each Score
Percentile by Number Answered
Your Score History
You have not taken this quiz